| 000 | 00487nam a22001817a 4500 | ||
|---|---|---|---|
| 003 | CEME | ||
| 005 | 20210628202746.0 | ||
| 008 | 210204b xxu||||| |||| 00| 0 eng d | ||
| 020 | _a1-55661-143-9 | ||
| 040 | _c. | ||
| 082 | _a820 BAE | ||
| 100 |
_aBaer, Judy _961475 |
||
| 245 | _aTomorrows promise, from rthe first time in ages aray of hope | ||
| 260 |
_aBETHANY HOUSE _bISLAMIC PUBLICATIONS _c2000 |
||
| 300 | _a125P | ||
| 650 |
_aENGLISH FICTION-NOVEL _961476 |
||
| 942 |
_cBK _2ddc |
||
| 999 |
_c570913 _d570913 |
||